| 000 | 00371nam a2200157Ia 4500 | ||
|---|---|---|---|
| 008 | 230312s9999||||xx |||||||||||||| ||und|| | ||
| 020 | _a3-540-73901-2 | ||
| 082 |
_a615.82 _bADL-P |
||
| 100 | _aAdler;Susan.S | ||
| 245 | 0 | _aPNF in Practice | |
| 260 |
_bSpringer _aUSA _c2008 |
||
| 300 | _a299 | ||
| 546 | _aEng. | ||
| 650 |
_aPhysiotherapy _vPNF in Practice |
||
| 942 | _cBK | ||
| 999 |
_c7913 _d7913 |
||